| 000 | 00678nam a2200229 i 4500 | ||
|---|---|---|---|
| 001 | 103883 | ||
| 003 | ES-MaACL | ||
| 005 | 20250827062618.0 | ||
| 007 | t| | ||
| 008 | 051121s1984 sp ||||1| spa d | ||
| 110 | 1 |
_aEspaña _93622 |
|
| 240 | 1 | 0 | _aLeyes, etc., políticas |
| 245 | 1 | 0 |
_aLeyes políticas del Estado / _cedición preparada por Luis Ortega. |
| 250 | _a[4ª ed.]. | ||
| 260 |
_aMadrid : _bCivitas, _c1984. |
||
| 300 |
_a564 p. ; _c21 cm. |
||
| 490 | 1 | _aBiblioteca de legislación. Civitas | |
| 700 | 1 |
_aOrtega, Luis. _987417 |
|
| 830 | 0 |
_aBiblioteca de legislación (Civitas) _9182036 |
|
| 852 |
_aES-MaACL _jL-6237 _bR.106914 |
||
| 999 |
_c103883 _d103883 |
||